000 00665nam a2200205 i 4500
001 61936
003 ES-MaACL
005 20250915203318.0
007 t|
008 031114s1971 sp ||||1| spa d
100 1 _aFebvre, Lucien,
_d1878-1956
_949047
245 1 0 _aErasmo, la contrarreforma y el espíritu moderno /
_cLucien Febvre ; [traducción de Carlos Piera].
260 _a[Barcelona] :
_bMartínez Roca,
_c[1971]
300 _a258 p. ;
_c20 cm.
600 0 4 _aErasmus, Desiderius,
_d1467-1536
_947350
650 0 4 _aContrarreforma.
_911322
700 1 _aPiera, Carlos
_991922
852 _aES-MaACL
_jC-39856
_bR.76700
999 _c61936
_d61936